10 najbogatszych ludzi na świecie - Statystyki

Ogólne statystyki
  • Ten quiz został rozwiązany 157 razy
  • Średni wynik to 3 z 10
Statystyki odpowiedzi
Majątek (w dolarach) Wzbogacenie się lub zubożenie od początku 2020 r. (w dolarach) Imię i nazwisko % Poprawnych
70 600 000 000 + 43 000 000 000 Elon Musk
90%
189 000 000 000 + 74 500 000 000 Jeff Bezos
66%
116 000 000 000 + 2 410 000 000 Bill Gates
57%
93 000 000 000 + 14 600 000 000 Mark Zuckerberg
33%
69 200 000 000 - 20 110 000 000 Warren Buffet
21%
92 600 000 000 - 12 600 000 000 Bernard Arnault
9%
72 700 000 000 + 8 110 000 000 Larry Page
8%
76 800 000 000 + 18 600 000 000 Steve Ballmer
4%
70 200 000 000 + 11 000 000 000 Mukesh Ambani
2%
70 400 000 000 + 7 700 000 000 Siergiej Brin
2%
Nie znaleziono quizów pasujących do podanych kryteriów
Rozkład punktacji
Procent ludzi z każdym wynikiem
Percentyl według liczby udzielonych odpowiedzi
Twoja historia wyników
Nie rozwiązałeś tego quizu